Polemika o kalich mezi teologií a politikou 1414-1431

Titel: Polemika o kalich mezi teologií a politikou 1414-1431 : Předpoklady basilejské disputace o prvním z praských artikulů
Verfasser:
Veröffentlicht: Praha : Kalich, 2012
Umfang: 328 s.
Format: Buch
Sprache: Tschechisch
Schlagworte:
ISBN: 9788070171851
Buchumschlag
X
alg: 39542829
001A    $01999:12-11-16 
001B    $06055:13-03-26 $t18:27:23.000 
001D    $01999:12-11-16 
001U    $0utf8 
001X    $00 
002@    $0Aax 
003@    $0395428297 
004A    $A978-80-7017-185-1 
007A    $0395428297 $aHEB 
007T    $0Herdc0087560m 
010@    $acze 
011@    $a2012 
021A    $aPolemika o kalich mezi teologií a politikou 1414-1431 $dPředpoklady basilejské disputace o prvním z praských artikulů 
028A    $D20231015 $Ecgwrk $71075496950 $8Coufal, Dušan [Tp3] $9363161414 
033A    $pPraha $nKalich 
034D    $a328 s. 
039U    $8--Oox--Wernisch, Martin. Coufal, Dušan. Polemika o kalich mezi teologií a politikou 1414-1431. - Praha : Kalich. -  2012 [Rezension], 2013 $9395076846 
044K    $D20251120 $Ecgmnf $8$aVier Prager Artikel [Tu1] $9506319997 
044K    $REkklesiologie $RKirchengemeinde $RChristentum $RVolk Gottes $#Church $#Église $#Chiesa $#Kirche $#Kirche $#Christliche Kirche $#Christliche Kirche $#Ekklesia Theologie $D20251120 $Ecgmnf $74030702-5 $8Kirche [Ts1] $9085081329 
044K    $#Politics and government $#Politics, Practical $#Politique et gouvernement $#Pratiques politiques $#Politica $#policies $#Politics $#Politik $#Politik $#Staatspolitik $#Politische Lage $#Politische Entwicklung $#Politische Situation $D20251120 $Ecgmnf $74046514-7 $8Politik [Tsz] $9085129836 
044K    $#Theology $#Théologie $#Christliche Theologie $D20251120 $Ecgmnf $74059758-1 $8Theologie [Ts1] $9085166251 
044K    $RRezeption $#Hussites $#Hussites $#Husitas $#Hussit $#Hussitismus $#Husiten $D20251120 $Ecgmnf $74137460-5 $8Hussiten [Ts1] $908551540X 
044K    $RHussiten $D20251120 $Ecgmnf $74756291-2 $8Utraquisten [Ts1] $9115226184 
044K    $RTschechien $#Böhmische Kronländer $#Länder der Böhmischen Krone $#Sudetenland $#Böhmen $#Mähren $#Mährisch-Schlesien $#Österreichisch-Schlesien $#Tschechische Sozialistische Republik Böhmische Länder $#Tschechei Böhmische Länder $#Země koruny české $D20251120 $Ecgmnf $74069573-6 $8Böhmische Länder [Tg1] $9085195553 
044K    $RProtektorat Böhmen und Mähren $RBöhmische Länder $RTschechoslowakei $#Böhmen $#Čech $#Königreich Böhmen $#České Království $#Království České $#Kronland Böhmen $#Čechy $#Ceské Království $#Království Ceské $D20251120 $Ecgmnf $74007467-5 $8Böhmen [Tg1] $9085012173 
044K    $#Katolikus Egyház $#RCC $#Katoličeskaj Cerkovʹ $#Katoličke Cerkve $#Katolska Cyrkej $#Katolske Kirke $#Ecclesia Catholica $#Igreja Católica $#Römisch-Katholische Kirche $#Katholikē Ekklēsia $#Catholic Church $#Roman Catholic Church $#Eglise Catholique $#Eglise Catholique Romaine $#Chiesa Cattolica $#Katholieke Kerk $#Iglesia Católica $#Katolické Církve $#Kościoł Katolicki $#Katoličke Crkve $#Eglise catholique romaine $#Chiesa cattolica romana $#Roman catholic Church $#Eglise catholique $#Römische Kirche $D20251120 $Ecgmnf $72009545-4 $8Katholische Kirche [Tb1] $9042651956 
044K    $RKommunion $#Kelchkommunion $D20251120 $Ecgmnf $74125729-7 $8Laienkelch [Ts1] $908542496X 
045F    $a200.94371 $eDDC23BSB 
045F/01 $a200.9 
045F/03 $g4371 

lok: 39542829 78

exp: 39542829 78 1 #EPN
201B/01 $026-11-17 $t04:35:05.000 
201U/01 $0utf8 
203@/01 $0791966941 
208@/01 $a12-11-16 $be 
209A/01 $a/ $f000 $x00 
220C/01 $aTitelaufnehmer: pg 
220C/01 $aHerkunft: HI Marburg 
220C/01 $aAnmerkung: *NG 
244Z/01 $#Tschechien $#Tschechische Republik $#Tschechien $#Tschechische Republik $#Tschechenland $#Tschechei Tschechien $#Česká Republika $#Czech Republic $#ČR $74303381-7 $8--Tg1--Tschechien $x01 $9086659812 
244Z/01 $2Trx $#Böhmen $#Bohemia $#Czechy $8--Trx--Čechy $x02 $9391188941 
244Z/01 $2Trx $8--Trx--Monographie $x03 $9391384546 
245Z/01 $a10.02.02.02 $x01 
247C/01 $82080>Marburg/Lahn, Herder-Institut, Forschungsbibliothek, Bibliographieportal $9336309341
LEADER 00000cam a22000002c 4500
001 395428297
003 DE-603
005 20260313182723.0
007 tu
008 161112s2012 xx |||| | u00||u|cze c
020 |a 9788070171851 
035 |a (DE-599)HEB395428297 
040 |a DE-603  |b ger  |c DE-603  |d DE-603 
041 |a cze 
082 0 4 |8 1\u  |a 200.94371  |q DE-101  |2 23/BSB 
085 |8 1\u  |b 200.9 
085 |8 1\u  |z 2  |s 4371 
100 1 |a Coufal, Dušan  |0 (DE-603)363161414  |0 (DE-588)1075496950  |2 gnd 
245 0 0 |a Polemika o kalich mezi teologií a politikou 1414-1431  |b Předpoklady basilejské disputace o prvním z praských artikulů 
264 1 |a Praha  |b Kalich  |c 2012 
300 |a 328 s. 
610 1 7 |a Katholische Kirche  |2 gnd  |0 (DE-588)2009545-4  |0 (DE-603)042651956 
630 0 7 |a Vier Prager Artikel  |0 (DE-588)1284343782  |0 (DE-603)506319997  |2 gnd 
650 7 |a Kirche  |0 (DE-588)4030702-5  |0 (DE-603)085081329  |2 gnd 
650 7 |a Politik  |0 (DE-588)4046514-7  |0 (DE-603)085129836  |2 gnd 
650 7 |a Theologie  |0 (DE-588)4059758-1  |0 (DE-603)085166251  |2 gnd 
650 7 |a Hussiten  |0 (DE-588)4137460-5  |0 (DE-603)08551540X  |2 gnd 
650 7 |a Utraquisten  |0 (DE-588)4756291-2  |0 (DE-603)115226184  |2 gnd 
650 7 |a Laienkelch  |0 (DE-588)4125729-7  |0 (DE-603)08542496X  |2 gnd 
651 7 |a Böhmische Länder  |0 (DE-588)4069573-6  |0 (DE-603)085195553  |2 gnd 
651 7 |a Böhmen  |0 (DE-588)4007467-5  |0 (DE-603)085012173  |2 gnd 
787 0 8 |i Rezensiert in  |a Wernisch, Martin  |t Coufal, Dušan. Polemika o kalich mezi teologií a politikou 1414-1431. - Praha : Kalich. - 2012 [Rezension]  |w (DE-603)395076846 
924 0 |9 2080  |a (DE-603)791966941  |b DE-2080  |c HES  |d d  |g /